[Event "ITA-ch U20"]
[Site "Tarvisio"]
[Date "2023.07.09"]
[Round "9"]
[White "Cantelli, Ruben Jules"]
[Black "Pilo, Sergio"]
[Result "1/2-1/2"]
[WhiteElo "1433"]
[BlackElo "1815"]
[PlyCount "69"]
[EventDate "2023.07.02"]
[EventType "swiss"]
[EventRounds "9"]
[EventCountry "ITA"]
[SourceTitle "EXT 2024"]
[Source "ChessBase"]
[SourceDate "2023.10.10"]
[SourceVersion "1"]
[SourceVersionDate "2023.10.10"]
[SourceQuality "1"]

1. e4 e6 2. d4 d5 3. Nc3 Bb4 4. e5 c5 5. a3 Bxc3+ 6. bxc3 Ne7 7. Qg4 Qc7 8. Qxg7 Rg8 9. Qxh7 cxd4 10. Ne2 Nbc6 11. f4 dxc3 12. Qd3 d4 13. Nxd4 Nxd4 14. Qxd4 Bd7 15. Rg1 Nf5 16. Qf2 Qc6 17. Bd3 Qd5 18. Bxf5 exf5 19. Be3 Qe4 20. Rd1 Ba4 21. Rd4 Qxc2 22. Qxc2 Bxc2 23. Rc4 Be4 24. Rxc3 Rxg2 25. Rxg2 Bxg2 26. Bc5 Rc8 27. Bb4 Rxc3 28. Bxc3 Kf8 29. Bb4+ Kg7 30. Be7 Kg6 31. Kf2 Be4 32. Kg3 Kh5 33. Bc5 a6 34. Bb6 Bd5 35. Bd8 1/2-1/2

[Event "ITA-ch U20"]
[Site "Tarvisio"]
[Date "2023.07.03"]
[Round "2"]
[White "Cantelli, Ruben Jules"]
[Black "Agolzer, Luca"]
[Result "0-1"]
[WhiteElo "1433"]
[BlackElo "1899"]
[PlyCount "60"]
[EventDate "2023.07.02"]
[EventType "swiss"]
[EventRounds "9"]
[EventCountry "ITA"]
[SourceTitle "EXT 2024"]
[Source "ChessBase"]
[SourceDate "2023.10.10"]
[SourceVersion "1"]
[SourceVersionDate "2023.10.10"]
[SourceQuality "1"]

1. e4 c5 2. Nf3 d6 3. d4 cxd4 4. Nxd4 Nf6 5. Nc3 a6 6. Bg5 e6 7. f4 h6 8. Bxf6 Qxf6 9. Qd2 Nc6 10. Nxc6 bxc6 11. 0-0-0 Qd8 12. Bc4 Be7 13. Kb1 Rb8 14. f5 exf5 15. exf5 d5 16. Qf2 0-0 17. h4 Bf6 18. Bb3 a5 19. Na4 Ba6 20. g4 Bb5 21. Qf4 Bxa4 22. Qxa4 Qc7 23. g5 Rb4 24. Qa3 Be7 25. f6 Bd6 26. fxg7 Rfb8 27. Bxd5 Rxb2+ 28. Qxb2 Rxb2+ 29. Kxb2 Be5+ 30. c3 cxd5 0-1